Science Quiz

Random Science or Clickable Quiz

Simple Math Mayhem Quiz Stats

 Plays Quiz Updated Mar 17, 2020

Support Sporcle.
Go Orange.
Score 0/100 Timer 06:00
32 Plays Today
% Correct
100
78.3%
70
78.2%
4
78.2%
20
78.1%
80
78.1%
14
78.1%
33
78.1%
7
78%
11
78%
29
78%
68
78%
15
77.9%
43
77.9%
22
77.9%
18
77.8%
2
77.8%
91
77.8%
26
77.7%
36
77.7%
1
77.7%
21
77.7%
76
77.7%
58
77.7%
86
77.6%
16
77.6%
30
77.6%
3
77.6%
67
77.6%
81
77.6%
51
77.5%
19
77.5%
75
77.5%
40
77.5%
94
77.4%
% Correct
23
77.4%
41
77.4%
8
77.3%
10
77.3%
12
77.3%
82
77.2%
35
77.2%
45
77.2%
9
77.2%
37
77.2%
28
77.1%
89
77.1%
25
77.1%
71
77.1%
49
77%
61
77%
99
76.9%
50
76.9%
27
76.8%
24
76.8%
17
76.8%
57
76.7%
52
76.7%
64
76.7%
31
76.7%
53
76.7%
92
76.5%
60
76.5%
90
76.4%
78
76.3%
97
76.2%
87
76.2%
39
76.1%
34
76.1%
% Correct
38
76%
32
75.6%
47
75.5%
98
75.4%
84
75.3%
69
75.3%
42
75.2%
88
75.1%
77
74.9%
6
74.9%
59
74.8%
66
74.7%
56
74.5%
44
74.5%
79
74.3%
54
74.1%
48
74%
63
73.9%
74
73.8%
93
73.8%
62
73.6%
72
73.6%
5
73.2%
73
73.1%
55
72.6%
13
72.5%
85
72.4%
83
72.2%
46
70.8%
65
70.7%
95
68.5%
96
68.4%

From the Vault

Colorful TV Shows

by qlh27

Seems that shows are all full of colorful characters.
Remove Ads.
Support Sporcle.
Get the best of Sporcle when you Go Orange. This ad-free experience offers more features, more stats, and more fun while also helping to support Sporcle. Thank you for becoming a member.

Show Comments

Extras

Top Quizzes Today


Score Distribution

Your Account Isn't Verified!

In order to create a playlist on Sporcle, you need to verify the email address you used during registration. Go to your Sporcle Settings to finish the process.

Report this User

Report this user for behavior that violates our Community Guidelines.

Details: